Exaltación de la divina misericordia en la milagrosa renovación de la Soberana Imagen de Christo señor N. Crucificado.

Detalles Bibliográficos
Autor principal: VELASCO, Alfonso Alberto de
Formato: Libro
Publicado: México. 1699
Materias:
Colección:Banco de datos
Acervo:Biblioteca Nacional de Antropología e Historia. Fondo Conventual
Tema general:Homilética
Notas:Buena.. Sin marca de fuego.Ex libris manuscrito del Convento de Santa Mónica. VII,21
LEADER 00820nam a22001930004500
035 |a 12417 
036 |a 180 
100 1 |a VELASCO, Alfonso Alberto de 
245 1 0 |a Exaltación de la divina misericordia en la milagrosa renovación de la Soberana Imagen de Christo señor N. Crucificado. 
260 |a México.  |b María de Benavides, viuda de Juan de Rivera.  |c 1699 
500 |a Buena.. Sin marca de fuego.Ex libris manuscrito del Convento de Santa Mónica. VII,21 
650 1 0 |a Homilética 
949 |a B.N.A.H. 
959 |a Biblioteca Nacional de Antropología e Historia. Ciudad de México  |b CCC1 
960 |a Clasificados de España Sagrada y otros  |b DD57 
961 |a Varias Ordenes Religiosas  |b VO 
942 |c B.N.A.H. 
943 |g Biblioteca Nacional de Antropología e Historia. Fondo Conventual 
999 |c 1036949  |d 1036949